Loading...

Oil palm

Bibliographic Details
Main Author: Hartley, C W S
Format: Printed Book
Language:Undetermined
English
Published: London Longman Group Ltd 1977
Edition:2
Subjects:
LEADER 00570nam a2200193Ia 4500
008 140306s9999 xx 000 0 und d
041 |a eng 
082 |a 633  |b HAR/OI 
100 |a Hartley, C W S 
245 |a Oil palm 
250 |a 2 
260 |a London  |b Longman Group Ltd  |c 1977 
300 |a 806 
365 |b RS ,25 .00 
440 |v Troipcal agriculture series 
650 |a Plantation crops 
942 |2 ddc  |c BK 
999 |c 116306  |d 116306 
952 |0 0  |1 0  |2 ddc  |4 0  |6 633_000000000000000_HAROI  |7 0  |9 114927  |a KAUHCV  |b KAUHCV  |d 2002-04-27  |g 25.00  |o 633 HAR/OI  |r 2014-03-22  |w 2014-03-22  |y BK